000 01376nam0a2200373 4500
001 RU\NLR\bibl\167644
005 20260406061328.0
010 _a5-7921-0356-9
_bTF
010 _a5-04-006487-Х
_bЭКСМО-Пресс
_98000
021 _aRU
_b2001-8282
_9397
035 _a(NLR Aleph) 000164456
090 _a946512
_c946512
100 _a20010510d2000 |||y0rusy50 ca
101 1 _arus
_ceng
102 _aRU
105 _ay |||||||||
200 1 _aStar wars. Хэн Соло и потерянное наследство
_e[Фантаст. роман]
_fБрайан Дэйли
_g[Пер. с англ. Я. Кельтского]
210 _aМ.
_cЭКСМО-пресс
_aСПб.
_cTerra fantastica
_d2000
215 _a366,[1] с.
_d21
517 0 _aХэн Соло и потерянное наследство
610 0 _aНаучно-фантастические романы и рассказы (х. л.)
675 _a821.111(73)-31Дэйли
_v3
_zrus
686 _a17.82
_2rugasnti
686 _a84(7Сое)-44
_2rubbk
686 _aШ6(7США)67-445
700 1 _4070
_8rus
_7ca
_aДейли
_bБ.
_f1947-1996
_gБрайан
_3RU\NLR\AUTH\7711571
_9121313
801 0 _aRU
_bRKP
_c20010510
_gPSBO
801 1 _aRU
_bRKP
_c20010510
801 2 _aRU
_bNLR
_c20011018
_grcr
942 _cBOOK
980 _aNB